000 01170nam a2200253 i 4500
001 187266
003 SpMaBN
005 20240208063121.0
008 170522s1972 sp |||| |dspa d
080 _a929:61 Marañón, Gregorio
100 1 _aBotella Llusiá, José,
_d1912-2002
_930758
245 1 0 _aGregorio Marañón :
_bel hombre, la vida, la obra /
_cJosé Botella Llusiá.
260 _a[Toledo] :
_bPublicaciones del Centro Universitario, Universidad Complutense,
_c[1972]
300 _a70 p. ;
_c20 cm.
490 1 _aToledo universitario ;
_v1
594 _aEn verso de port.: El original fue dado a conocer en una conferencia pronunciada por el autor en el Centro Universitario, dentro del ciclo "Personajes del siglo XX", el día 11 de febrero de 1971.
600 1 4 _aMarañón, Gregorio,
_d1887-1960-
_xBiografías
_976312
600 1 4 _aMarañón, Gregorio,
_d1887-1960-
_xCrítica e interpretación
_9174358
710 2 _aUniversidad Complutense de Madrid.
_bCentro Universitario de Toledo.
_9162578
830 1 _aToledo universitario ;
_v1
_9185581
852 4 _aES-MaACL
_jC-48014
852 4 _aES-MaACL
_jL-31615
999 _c187266
_d187266